KOHA-Header-6

Grob Basic Electronics (Record no. 7104)

000 -LEADER
fixed length control field 00242nam a2200109Ia 4500
100 ## - MAIN ENTRY--AUTHOR NAME
Personal name Grob
245 #0 - TITLE STATEMENT
Title Grob Basic Electronics
260 ## - PUBLICATION, DISTRIBUTION, ETC. (IMPRINT)
Place of publication USA
Name of publisher Prentice
Year of publication 1993
300 ## - PHYSICAL DESCRIPTION
Number of Pages 930
942 ## - ADDED ENTRY ELEMENTS (KOHA)
Koha item type Books
Holdings
Withdrawn status Lost status Collection code Permanent Location Current Location Shelving location Date acquired Full call number Accession Number Koha item type
    Electrical Engineering MAJU MAJU   2019-09-12 621.92 755 Electrical Engineering

Powered by Koha